Martín Rivas
Furkejuvvon:
| Váldodahkki: | |
|---|---|
| Materiálatiipa: | Girji |
| Giella: | espánnjágiella |
| Almmustuhtton: |
Santiago
Quimantú
1973
|
| Ráidu: | Colección Quimantú Para Todos
|
| Fáttát: | |
| Fáddágilkorat: |
Lasit fáddágilkoriid
Eai fáddágilkorat, Lasit vuosttaš fáddágilkora!
|
MARC
| LEADER | 00000nam a2200000 a 4500 | ||
|---|---|---|---|
| 001 | UCT4778 | ||
| 003 | CL-VaPUC | ||
| 008 | 961122e19730000CL |||||||||||||||||spa|d | ||
| 082 | 0 | 4 | |a Ch863 |b BLE |2 21 |
| 100 | |a Blest Gana, Alberto |e author |9 344235 | ||
| 245 | 1 | 0 | |a Martín Rivas |
| 300 | |a 428 p | ||
| 942 | |c BK | ||
| 945 | |d 19961122 00:00:00 |a rleighto | ||
| 260 | |a Santiago |b Quimantú |c 1973 | ||
| 650 | 0 | |a Novelas chilenas |9 265425 | |
| 583 | |a last modification |c 19961122 00:00:00 |k Rodrigo Vera | ||
| 490 | 0 | |a Colección Quimantú Para Todos | |
| 999 | |c 253934 |d 253932 | ||
| 952 | |0 0 |1 0 |4 0 |6 CH_863_000000000000000_BLE_1973 |7 0 |8 A |9 275137 |a BIBEDU |b BIBEDU |d 2019-11-19 |i 3253775 |o Ch863 BLE 1973 |p 3253775 |r 2019-11-19 |w 2019-11-19 |y BK |k LIT | ||